| 000 | 00982cam a22002774a 4500 | ||
|---|---|---|---|
| 001 | 11885082 | ||
| 003 | ARRUPE | ||
| 005 | 20211026105220.0 | ||
| 008 | 000110s2000 nyu b 001 0 eng | ||
| 010 | _a 00021333 | ||
| 020 | _a0801437466 (hardcover) | ||
| 040 |
_aDLC _cDLC _dDLC |
||
| 042 | _apcc | ||
| 050 | 0 | 0 |
_aB317 _b.R36 2000 |
| 082 | 0 | 0 |
_a183/.2 _221 |
| 100 | 1 |
_aRanasinghe, Nalin, _d1960- _950648 |
|
| 245 | 1 | 4 |
_aThe soul of Socrates / _cNalin Ranasinghe. |
| 260 |
_aIthaca, N.Y. : _bCornell University Press, _c2000. |
||
| 300 |
_axv, 196 p. ; _c24 cm. |
||
| 504 | _aIncludes bibliographical references (p. [179]-188) and index. | ||
| 600 | 0 | 0 |
_aSocrates. _911180 |
| 600 | 0 | 0 |
_aPlato. _tDialogues. _919849 |
| 906 |
_a7 _bcbc _corignew _d1 _eocip _f20 _gy-gencatlg |
||
| 942 |
_2lcc _cMONOGRAPH |
||
| 999 |
_c130962 _d130962 |
||